Shia Islam and Its Influence on the Islamic Republic of Iran's Foreign Policy in President Rouhani's Era

Filozofické a ideologické základy Twelver Shia a charakteristiky iránskej zahraničnej politiky s prihliadnutím na praktické aplikácie Twelver Shia a na konkrétne obdobia a udalosti. Filozofické a ideologické základy Twelver Shia. Shia Islam a jeho vplyv na zahraničnú politiku Iránu v ére prezidenta...

Descripción completa

Guardado en:
Detalles Bibliográficos
Autor principal: Čech, Ľubomír, 1955-
Otros Autores: Krupová, Kristína, 1993-
Formato: Capítulo de libro
Lenguaje:inglés
Materias:
Etiquetas: Agregar Etiqueta
Sin Etiquetas, Sea el primero en etiquetar este registro!

MARC

LEADER 00000naa a2200000 4500
001 0271164
005 20240502074247.7
041 0 |a eng 
044 |a SK 
245 1 0 |a Shia Islam and Its Influence on the Islamic Republic of Iran's Foreign Policy in President Rouhani's Era  |c Ľubomír Čech, Kristína Krupová 
520 |a Filozofické a ideologické základy Twelver Shia a charakteristiky iránskej zahraničnej politiky s prihliadnutím na praktické aplikácie Twelver Shia a na konkrétne obdobia a udalosti. Filozofické a ideologické základy Twelver Shia. Shia Islam a jeho vplyv na zahraničnú politiku Iránu v ére prezidenta Hasana Rúháního. 
610 2 0 |a politika zahraničná 
610 2 0 |a ideológia 
610 2 0 |a náboženstvo 
610 2 0 |a islam 
100 1 |a Čech, Ľubomír, 1955- 
700 1 |a Krupová, Kristína, 1993-